|
|
|
|
| LEADER |
00000nam0a2200000 4500 |
| 001 |
350542 |
| 005 |
20231102010319.0 |
| 035 |
|
|
|a (RuTPU)RU\TPU\retro\4683
|
| 090 |
|
|
|a 350542
|
| 100 |
|
|
|a 20190207d1934 m y0rusy50 ca
|
| 101 |
0 |
|
|a rus
|
| 102 |
|
|
|a RU
|
| 105 |
|
|
|a ac z 000zy
|
| 200 |
1 |
|
|a Испанский священник
|e комедия
|f Дж. Флетчер
|g Государственный Московский Художественный театр 2-й (МХТ 2) ; пер. М. Л. Лозинского
|
| 210 |
|
|
|a Москва
|c Издание МХТ 2
|d 1934
|
| 215 |
|
|
|a 32 с.
|c ил.
|
| 316 |
|
|
|5 63413507: 153//273
|a На обложке и титульном листе штамп-экслибрис: "Обязательный экземпляр Сиб. Науч. Технич. Библиотеки"
|
| 600 |
|
1 |
|a Флетчер
|b Дж.
|c английский драматург
|f 1579-1625
|g Джон
|2 stltpush
|3 (RuTPU)RU\TPU\pers\43018
|9 21611
|
| 606 |
1 |
|
|a Спектакль
|x Театр
|2 stltpush
|3 (RuTPU)RU\TPU\subj\55752
|9 73727
|
| 610 |
1 |
|
|a комедии
|
| 610 |
1 |
|
|a театральные программы
|
| 610 |
1 |
|
|a театральные спектакли
|
| 610 |
1 |
|
|a артисты
|
| 610 |
1 |
|
|a роли
|
| 610 |
1 |
|
|a описания
|
| 610 |
1 |
|
|a исторические данные
|
| 610 |
1 |
|
|a постановка
|
| 610 |
1 |
|
|a 16 век
|
| 610 |
1 |
|
|a 17 век
|
| 610 |
1 |
|
|a английская литература
|
| 675 |
|
|
|a 792.028
|v 3
|
| 700 |
|
1 |
|a Флетчер
|b Дж.
|c английский драматург
|f 1579-1625
|g Джон
|2 stltpush
|3 (RuTPU)RU\TPU\pers\43018
|9 21611
|
| 702 |
|
1 |
|a Лозинский
|b М. Л.
|c русский поэт
|c переводчик
|f 1886-1955
|g Михаил Леонидович
|2 stltpush
|3 (RuTPU)RU\TPU\pers\10677
|4 730
|9 2349
|
| 712 |
0 |
2 |
|a Государственный Московский Художественный театр 2-й (МХТ 2)
|
| 801 |
|
1 |
|a RU
|b 63413507
|c 20190207
|
| 801 |
|
2 |
|a RU
|b 63413507
|c 20190207
|g RCR
|
| 942 |
|
|
|c BK
|